000 00345nam a22001577a 4500
003 OSt
008 240411b |||||||| |||| 00| 0 eng d
020 _a9789355512031
082 _a005.133 BOS
100 _aBOLENOK,Alex
245 _aSQL in 7 Days
250 _a1st Ed
260 _aNew Delhi
_bBPB
_c2023
300 _a281
942 _2ddc
_cBK
999 _c12444
_d12444